000 01213nam a2200313 4500
001 78502
003 BD-RjUL
005 20211209083133.0
008 210928m19651966ua 000 0 ara
035 _a(BD-RjUL)78728
040 _aDLC
_cWaU
_dWaU
_dMH
_dCStRLIN
_dCtY
_dUkOxU
_beng
041 _aara
082 _223
_aA 320.54053
_bBAM 1965
100 1 _a بخيت، عبد الحميد، ;; Bakhīt, ʿAbd al-Ḥamīd,
_9248631
245 1 3 _a المجتمع العربي والإسلامي ;; al-Mujtamaʿ al-ʿArabī wa-al-Islāmī /
_cتأليف عبد الحميد بخيت. ;; taʼlīf ʿAbd al-Ḥamīd Bakhīt.
250 _aal-Ṭabʿah 1.
250 _aالطبعة ١.
260 _aMiṣr :
_bDār al-Maʿārif,
_c1965-1966.
260 _aمصر :
_bدار المعارف،
_c٦٦٩١-٥٦٩١.
300 _a v. ;
_c24 cm.
490 0 _aMaktabah al-ijtimāʿīyah
490 0 _aمكتبة الإجتماعية
500 _aVol. 2 has subtitle: Ḥawl al-mujtamaʿ al-Islāmī, muqawwimātuh, shuʿūbuh, qaḍāyāh.
505 _aVol.1.--
650 0 _aNationalism
_zArab countries.
_9248632
650 0 _aIslam
_y20th century.
_9248633
650 0 _aZionism.
_9248634
942 _2ddc
_cBK
999 _c78502
_d78502